J.R.R. Tolkien /
Uloženo v:
| Hlavní autor: | |
|---|---|
| Další autoři: | |
| Médium: | Kniha |
| Jazyk: | španělština |
| Vydáno: |
México :
Fondo de Cultura Económica,
1985
|
| Edice: | (Breviarios ;
408) |
| Témata: | |
| Tagy: |
Žádné tagy, Buďte první, kdo vytvoří štítek k tomuto záznamu!
|
MARC
| LEADER | 00000nam^a2200000^a^4500 | ||
|---|---|---|---|
| 001 | 000027878 | ||
| 005 | 20250521000000.0 | ||
| 009 | 20260310084827.076 | ||
| 020 | |a 968-16-2026-7 | ||
| 037 | |a Acervo ITESO - Biblioteca | ||
| 041 | |a ESP | ||
| 082 | |a 082. |b BRE V. 408 | ||
| 100 | |a Crabbe, Katharyn F. |e (autor) | ||
| 245 | 1 | 0 | |a J.R.R. Tolkien / |c K.F. Crabbe ; tr. por F. Patán |
| 264 | 1 | |a México : |b Fondo de Cultura Económica, |c 1985 | |
| 300 | |a 225 p. | ||
| 336 | |a texto |b txt |2 rdacontenido | ||
| 337 | |a sin mediación |b n |2 rdamedio | ||
| 338 | |a volumen |b nc |2 rdasoporte | ||
| 440 | 1 | |a (Breviarios ; |v 408) | |
| 500 | |a Traducción de: J.R.R. Tolkien | ||
| 545 | 0 | |a Nacido en Bloemfontein, Sudáfrica en 1892 y fallecido en 1973 en Bournemouth, Inglaterra, J.R.R. Tolkien es uno de los autores más leídos de la literatura mundial del siglo XX. Autor de importantes obras filológicas sobre las leyendas medievales sajonas y célticas, Tolkien se ha inspirado en temas y referentes de la literatura fantástica medieval para crear una saga de cuatro narraciones: El hobitt (1937) y la trilogía de El señor de los anillos (1954-1955). Los numerosos lectores de estas obras las han vuelto un fenómeno sociológico de indiscutible interés, pero los críticos destacan que por encima de este éxito de ventas, el escritor inglés es creador de una narrativa compleja y de rica inventiva. | |
| 649 | |a XX | ||
| 650 | |a Escritores Ingleses - |x Biografías | ||
| 650 | |a Literatura Fantástica - |z Inglaterra - |x Historia y Crítica | ||
| 650 | |a Literatura Inglesa - |x Historia y Crítica | ||
| 650 | |a Literatura Inglesa - |y Siglo XX | ||
| 650 | |a Tolkien, J.R.R. - |x Tema Principal | ||
| 700 | |a Patán, Federico |e (traducción) | ||
| 910 | |a Fondo General | ||
| 920 | |a Impresos - Libros | ||
| 930 | |a Colección General | ||
| 905 | |a 101 | ||
| 901 | |a 0278780100 |b IT1 |c ACC |i 027878 |u 20250521 | ||
| 902 | |a https://opac.biblio.iteso.mx/vufind/Record/000027878 | ||